000 00697nam a22001817a 4500
999 _c63900
_d63900
003 Ge_BSU
005 20260216170408.0
008 260216s1961 ge ||||| |||| 00| 0 geo d
041 _ageo
080 _a94(479.22-25) დ-72
100 _aდოლიძე, შოთა
_926897
245 _aბრძოლისა და შრომის გზით /
_cშოთა დოლიძე.
264 _aთბ. :
_bსაბჭ. საქართველო,
_c1961.
300 _a80 გვ. :
_b ილ. ;
_c 20 სმ.
504 _aბიბლიოგრ. შენიშვნებში
653 _aთბილისის ისტორია
942 _2udc
_cᲬᲘᲒᲜᲘ